Revista peruana de Historia Eclesiástica / (Record no. 22004)

000 -CABECERA
fixed length control field 01683nam a22002897a 4500
003 - IDENTIFICADOR DEL NÚMERO DE CONTROL
control field AR-CdUCM
008 - DATOS DE LONGITUD FIJA--INFORMACIÓN GENERAL
fixed length control field 190425b ||||| |||| 00| 0 spa d
040 ## - FUENTE DE LA CATALOGACIÓN
Agencia/entidad que catalogó originalmente la obra MUNICIPALIDAD PROVINCIAL DEL CUSCO
Entidad que transcribió la catalogación BIBLIOTECA MUNICIPAL DEL CUSCO
082 ## - NÚMERO DE LA CLASIFICACIÓN DECIMAL DEWEY
No. de Clasificación Hist.Ecle/N°5/1996
110 ## - ENTRADA PRINCIPAL--NOMBRE DE ENTIDAD CORPORATIVA
Nombre de la institución, jurisdicción como entrada principal Instituto Peruano de Historia Eclesiástica
9 (RLIN) 47113
245 ## - MENCIÓN DE TÍTULO
Título Revista peruana de Historia Eclesiástica /
Mención de responsabilidad Instituto Peruano de Historia Eclesiástica
260 ## - PUBLICACIÓN, DISTRIBUCIÓN, ETC.
Lugar de publicación, distribución, etc. Lima.
Nombre de la editorial, distribuidor, etc. Servicio copias Gráficas,
Fecha de publicación, distribución, etc. 1996.
300 ## - DESCRIPCIÓN FÍSICA
Nº de Páginas Extensión 279 páginas. :
Dimensiones 22 cm.
440 ## - MENCIÓN DE SERIE/PUNTO DE ACCESO ADICIONAL--TÍTULO
Título Revista peruana de Historia Eclesiástica.
Número de la parte/sección de una obra N°5,1996.
9 (RLIN) 47124
505 ## - NOTA DE CONTENIDO CON FORMATO
Nota de contenido formateada Contenido: Diócesis peruanas en el siglo XIX. José Dammert. -- La Orden dominicana en el Perú en el siglo XIX. Guillermo Álvarez. -- Los franciscanos del Perú a partir del siglo XIX. Julián Heras. -- Los mercedarios del Perú en el siglo XIX. Severo Aparicio. -- Los jesuitas del Perú en el siglo XIX. Armando Nieto. -- Los agustinos en el Perú del siglo XIX. Benigno Uyarra. -- Gamarra y los eclesiásticos del Cuzco. Horacio Villanueva. -- El establecimiento de nuevos institutos religiosos en el Perú en el siglo XIX. Jeffrey Klaiber. -- Homenaje al Deán Valdivia, experiencia religiosa del Deán Valdivia. José Benito Rodríguez.
650 ## - PUNTO DE ACCESO ADICIONAL DE MATERIA--TÉRMINO DE MATERIA
Descriptor Historia eclesiástica
9 (RLIN) 42856
650 ## - PUNTO DE ACCESO ADICIONAL DE MATERIA--TÉRMINO DE MATERIA
Descriptor Educación colonial
9 (RLIN) 25888
650 ## - PUNTO DE ACCESO ADICIONAL DE MATERIA--TÉRMINO DE MATERIA
Descriptor Historia del Cusco
9 (RLIN) 1714
650 ## - PUNTO DE ACCESO ADICIONAL DE MATERIA--TÉRMINO DE MATERIA
Descriptor Religión católica
9 (RLIN) 47116
650 ## - PUNTO DE ACCESO ADICIONAL DE MATERIA--TÉRMINO DE MATERIA
Descriptor Evangelización
9 (RLIN) 47119
700 ## - PUNTO DE ACCESO ADICIONAL--NOMBRE DE PERSONA
Nombre Personal Dammert, José
9 (RLIN) 47121
700 ## - PUNTO DE ACCESO ADICIONAL--NOMBRE DE PERSONA
Nombre Personal Álvarez, Guillermo
9 (RLIN) 47125
700 ## - PUNTO DE ACCESO ADICIONAL--NOMBRE DE PERSONA
Nombre Personal Heras, Julián
9 (RLIN) 47126
700 ## - PUNTO DE ACCESO ADICIONAL--NOMBRE DE PERSONA
Nombre Personal Villanueva Urteaga, Horacio
9 (RLIN) 5790
942 ## - ELEMENTOS DE PUNTO DE ACCESO ADICIONAL (KOHA)
Fuente de clasificación
Tipo de item Revistas cusqueñas
945 ## - PROCESAMIENTO DE INFORMACIÓN LOCAL (OCLC)
Catalogador rac
Holdings
Estado de retiro (separado) Fuente de clasificación o esquema de estanterías Estado dañado Ubicación Sala donde se ubica Nombre de la colección Fecha de adquisición o compra Costo, precio normal en soles Signatura topográfica Código de Barras Última vez visto (Koha) Tipo de ítem (Koha)
No     Sala Hemeroteca Sala Hemeroteca Book Cart 2022-02-04 10.00 Hist.Ecle/N°5/1996 REVC000528 2022-02-04 Revistas cusqueñas

Powered by Koha